| 000 | 01112nam a2200289 a 4500 | ||
|---|---|---|---|
| 001 | BRCA_4415 | ||
| 005 | 20190320204649.0 | ||
| 008 | 170810s2003----mx-a######---#000-0cspa-# | ||
| 020 | _a9686772367 | ||
| 041 | _aspa | ||
| 044 | _amx | ||
| 050 | 4 |
_aF1233.J8 _b.T87 2003 |
|
| 100 | 1 |
_aTurrent y Díaz, Eduardo _911217 |
|
| 245 | 1 | 0 |
_aEpistolario liberal en el Archivo Histórico del Banco de México _bBenito Juárez, Matías Romero : correspondencia 1856-1872 _ca modo de proemio Luis González y González ; investigación y textos Eduardo Turrent y Díaz ; Jorge Valle Ruiz. |
| 260 |
_aMéxico _bBanco de México _c2003 |
||
| 300 |
_a279 p. _bil. a color _c35 cm. |
||
| 500 | _aIncluye semblanzas de los autores y lista de ilustraciones | ||
| 500 | _aColección Sonia Corcuera de Mancera | ||
| 504 | _aBibliografía: p. 270-271 | ||
| 600 | 1 | 4 |
_aJuárez, Benito _d1806-1872 _94845 |
| 600 | 1 | 4 |
_aRomero, Matías _d1836-1898 _910107 |
| 650 | 1 | 4 |
_aHistoria _ySiglo XIX _zMéxico _911218 |
| 700 | 1 |
_aGonzález y González, Luis _92602 |
|
| 700 | 1 |
_aValle Ruiz, Jorge _911219 |
|
| 902 | _aDSC | ||
| 942 |
_2lcc _cB |
||
| 999 |
_c4124 _d4124 |
||